000 03330cam a2200229 4500500
005 20260322010648.0
041 _afre
042 _adc
100 1 0 _aRosse de Prézent, Eric
_eauthor
245 0 0 _aLe PACK en pédopsychiatrie
260 _c2010.
500 _a53
520 _aÀ partir d’observations et de recherches en psychologie et psychopathologie cliniques s’inscrivant dans une pratique de plus d’une quinzaine d’années en musicothérapie active de groupe - pratique centrée sur l’improvisation vocale favorisant les productions vocales spontanées chez l’enfant présentant des troubles psychotiques -, les propositions de fond sonore indifférencié, de sonogramme, de signifiants formels sonores et de signifiants formels sonores de démarcation sont avancées afin de rendre compte de la plasticité de l’enveloppe psychique. Ces propositions s’insèrent dans un tableau récapitulatif (indiquant les principales positions psychiques) constitué en référence aux travaux de différents auteurs et à ceux, plus spécifiques, de CICCONE A. et LHOPITAL M. (1991) ainsi qu’à ceux de BRUN A. (2000). Ce tableau, élaboré dans une dimension d’éclairage des étapes de la constitution de l’enveloppe psychique, permet une mise en lien illustrative des manifestations cliniques corporelles, instrumentales et vocales avec les différentes positions psychiques. Il peut être considéré, en premier lieu, comme un indicateur précis de l’évolution du travail possible avec la médiation sonore dans son versant actif et, en second lieu, comme un instrument d’évaluation de l’état psychique - à un instant « t » - de l’enfant psychotique en lien à la médiation sonore.
520 _aFrom clinical psychology and psychopathology observations and researches established on more than fifteen years of groupal music therapy practice - practice focused on vocal improvisation facilitating spontanous vocal productions with children presenting psychotic disorders-, proposals as : Not differentiated background, Sonogramme, Sonorous formal signifying and Sonorous formal signifying of demarcation are made to give forth about the psychic envelope plasticity. These proposals are integrated in a synoptic table (showing the principal psychic positions) organized in reference to different authors and, more specificaly, to CICCONE A. and LHOPITAL M. (1991) and BRUN A. (2000) Works. This conspectus table, built in a clarifying dimension of the psychic envelope construction, allows an illustrative relation of corporeal, instrumental and vocal clinical manifestations with different psychic positions. It may be considered, at one time, as a precise indicator of the évolution in the possible work with the sound médiation in its active side de and at twice, as a psychic state evaluation tool - in a « t » instant- with children presenting psychotic disorders in relationship with sound mediation.
690 _acadre thérapeutique
690 _aenveloppement humide
690 _aindication thérapeutique
690 _apédopsychiatrie
690 _aperception sensorielle
786 0 _nPsy Cause | 57 | 1 | 2010-01-09 | p. 39-41 | 1245-2394
856 4 1 _uhttps://shs.cairn.info/revue-psy-cause-2010-1-page-39?lang=fr&redirect-ssocas=7080
999 _c1758299
_d1758299